| Tag |
First Indicator |
Second Indicator |
Subfields |
| LEADER |
00000pam a2200000 a 4500 |
| 001 |
in00000071987 |
| 005 |
20151008062508.0 |
| 008 |
800318r19801980nyua j 00011 engm |
| 010 |
|
|
|a 80013010
|
| 020 |
|
|
|a 0688036791
|
| 035 |
|
|
|a (OCoLC)06194375
|
| 035 |
|
|
|9 AAK0341AM
|
| 040 |
|
|
|a DLC
|c DLC
|d m.c.
|d TXA
|d UtOrBLW
|
| 049 |
|
|
|a TXAS
|c [1422184]
|
| 050 |
0 |
0 |
|a PZ7.S8495
|b Wal 1980
|
| 090 |
|
|
|a PR6069.T46
|b W35 1980
|
| 100 |
1 |
|
|a Stewart, Mary,
|d 1916-2014.
|
| 245 |
1 |
2 |
|a A walk in Wolf Wood :
|b a tale of fantasy and magic /
|c Mary Stewart ; illustrated by Emanuel Schongut.
|
| 250 |
|
|
|a 1st U.S. ed.
|
| 264 |
|
1 |
|a New York :
|b Morrow,
|c 1980.
|
| 300 |
|
|
|a 148 pages :
|b illustrations ;
|c 24 cm.
|
| 336 |
|
|
|a text
|b txt
|2 rdacontent
|
| 337 |
|
|
|a unmediated
|b n
|2 rdamedia
|
| 338 |
|
|
|a volume
|b nc
|2 rdacarrier
|
| 500 |
|
|
|a Originally published: London : Hodder & Stoughton, 1980.
|
| 520 |
|
|
|a When a weeping man in a strange costume passes their picnic spot and disappears into the nearby woods, a brother and sister decide to follow him and soon find themselves involved in the rescue of a werewolf in the 14th century.
|
| 650 |
|
1 |
|a Space and time
|x Fiction.
|
| 650 |
|
1 |
|a Werewolves
|x Fiction.
|
| 700 |
1 |
|
|a Schongut, Emanuel.
|
| 999 |
|
|
|a MARS
|
| 999 |
f |
f |
|s c6f1d37b-4f9a-3918-8aa2-87e5a77ea81d
|i 10a72fc0-2dee-3998-9473-321e0b511257
|t 0
|
| 952 |
f |
f |
|p noncirc
|a Texas A&M University
|b College Station
|c Cushing Memorial Library & Archives
|d Cushing: Science Fiction (Does not check out)
|t 0
|e PR6069.T46 W35 1980
|h Library of Congress classification
|i unmediated -- volume
|m A14806067853
|
| 998 |
f |
f |
|a PR6069.T46 W35 1980
|t 0
|l Cushing: Science Fiction (Does not check out)
|